000 01828nam0a22003251 4500
001 rc\3443126
005 20250610004626.0
021 _aRU
_b[71-22022]
035 _a(NLR Aleph) 007591436
090 _a5615887
_c5615887
100 _a20130115d1971 |||y0rusy50 ca
101 0 _arus
102 _aRU
105 _aa z |||||
200 1 _aЭлектрическая защита промысловых сооружений от подземной коррозии за рубежом
_f[М-во газовой пром-сти]
210 _aМосква
_cВсесоюз. науч.-исслед. ин-т экономики, организации производства и техн.-экон. информации в газовой пром-сти
_d1971
215 _a40 с.
_cчерт.
_d20
225 1 _aТематический научно-технический обзор
_i[Проектирование и строительство трубопроводов и газонефтепромысловых сооружений]
300 _aПеред загл. авт.: Н.П. Глазов, А.М. Калашникова, М.Я. Мартенс. На обл. авт. не указаны
320 _aСписок лит.: с. 39-40 (33 назв.)
606 _aОбсадные колонны
_xЗащита от коррозии
_2psbo
700 1 _aГлазов
_bН.П.
_gНиколай Петрович
701 1 _7ca
_8rus
_aКалашникова
_bА.М.
_cканд. техн. наук, нефтегаз. пром-сть
_gАлександра Михайловна
_9196999
_3RU\NLR\AUTH\770197050
701 1 _aМартенс
_bМ.Я.
_gМарина Яковлевна
801 0 _aRU
_bNLR
_gpsbo
801 1 _aRU
_bELAR
_2rusmarc
852 _aNLR
_j71-4/7001
942 _cBOOK
980 _aNB